000 00245nam a2200097Ia 4500
001 1250267
005 20251031150852.0
008 251031s9999 xx 000 0 und d
245 0 _cAHMET ÜMİT
_aA-4 BAB-I ESRAR
260 _bYAPI KREDİ YAYINLARI
999 _c1250267
_d1250267